| 000 | 01257 a2200229 4500 | ||
|---|---|---|---|
| 003 | Nust | ||
| 005 | 20230529112249.0 | ||
| 010 | _a 70170174 | ||
| 020 | _a0070353638 | ||
| 040 | _cNust | ||
| 082 | 0 | 0 | _a004.19,KOR |
| 100 | 1 |
_aKorn, Granino Arthur, _9112747 |
|
| 245 | 1 | 0 |
_aElectronic analog and hybrid computers / _cGranino A. Korn [and] Theresa M. Korn. |
| 250 | _a2d, completely rev. ed. | ||
| 260 |
_aNew York, _bMcGraw-Hill _c[1972] |
||
| 300 |
_axviii, 421 p. _billus. _c23 cm. |
||
| 505 | _aA Review of Electronic Analog Computation (Page-1), Iterative Analog Computation and Hybrid Analog Digital Computers (Page-24), Computer Accuracy Design of Network Coefficient Potentiometers and Operational Amplifiers (Page-42) Nonlinear Operation Limiters Comparators and Function Generators (Page-114), Switching Conversion Sampling and Mode Control (Page-163), Electronic Multipliers Dividers and Resolvers (Page-212), Computers Systems and Interface Design (Page-259), Special Computing Techniques (Page-301), Hybrid Errors Special Techniques and Software Requirements (Page-361). | ||
| 650 | 0 |
_aElectronic analog computers. _982443 |
|
| 650 | 0 |
_aHybrid computers. _9112748 |
|
| 700 | 1 |
_aKorn, Theresa M., _9112749 |
|
| 942 |
_2ddc _cBK _k004.19,KOR |
||
| 999 |
_c176159 _d176159 |
||